000 00342pab a2200145 454500
008 180718b2004 xxu||||| |||| 00| 0 eng d
100 _aBanerjee, Sumanta
245 _aRemembering M N Roy
260 _c2004
300 _ap.2957-958.
362 _a3 Jul
650 _aRoy, M.N.
773 _aEconomic and Political Weekly
909 _a61495
999 _c61495
_d61495